000 nam a22 7a 4500
999 _c8955
_d8955
008 180122b ||||| |||| 00| 0 eng d
100 _aVerma.S.etal.
_95258
245 _aMathematics
260 _aNew Delhi
_bPrachi
_c2008-2009